000 00734cam a2200241 4500
008 090401t1992 xxu||||| |||| 00| 0 eng d
020 _a0750602805
035 _a(Sirsi) u46239
041 _aeng
050 _a692.5
100 _aWheeler, R.J.
245 _aBuilding quantities: worked examples.
260 _aOxford
_bNewnes
_c1992
300 _a285p. : ill. ; 25cm.
350 _a14.95
520 _aModel worked examples of measurement based on SMM7, each accompanied by a general explanation and a flowchart showing the sequence of operations.
650 _aBUILDING QUANTITIES
650 _aMeasurement
_96256
690 _aQuantity surveying
_96263
700 _aClark, A.V.
942 _n0
948 _c04/03/1997
999 _c91894
_d91894